Indonesia and the Dutch. (Record no. 1860)
[ view plain ]
| 000 -LEADER | |
|---|---|
| fixed length control field | 00850nac a22002171u 4500 |
| 010 ## - LIBRARY OF CONGRESS CONTROL NUMBER | |
| LC control number | 62001482 |
| 035 ## - SYSTEM CONTROL NUMBER | |
| System control number | (OCoLC)410720 |
| 082 ## - DEWEY DECIMAL CLASSIFICATION NUMBER | |
| Classification number | 327.492091 |
| Item number | P179 |
| 090 ## - LOCALLY ASSIGNED LC-TYPE CALL NUMBER (OCLC); LOCAL CALL NUMBER (OCLC) | |
| -- | 1860 |
| -- | 1860 |
| 100 ## - MAIN ENTRY--PERSONAL NAME | |
| Personal name | Palmier, Leslie H. |
| 245 10 - TITLE STATEMENT | |
| Title | Indonesia and the Dutch. |
| Statement of responsibility, etc | Issued under the auspices of the Institute of Race Relations, London. |
| 260 ## - PUBLICATION, DISTRIBUTION, ETC. (IMPRINT) | |
| Place of publication, distribution, etc | London, |
| -- | New York, |
| Name of publisher, distributor, etc | Oxford University Press, |
| Date of publication, distribution, etc | 1962. |
| 300 ## - PHYSICAL DESCRIPTION | |
| Extent | 194 p. |
| Other physical details | illus. |
| Dimensions | 19 cm. |
| 500 ## - GENERAL NOTE | |
| General note | Donations |
| 500 ## - GENERAL NOTE | |
| General note | Donations - Dr. Mostafa Gouda |
| 650 #0 - SUBJECT ADDED ENTRY--TOPICAL TERM | |
| Topical term or geographic name as entry element | Dutch |
| Geographic subdivision | Indonesia. |
| 651 #0 - SUBJECT ADDED ENTRY--GEOGRAPHIC NAME | |
| Geographic name | Indonesia |
| General subdivision | Foreign relations |
| Geographic subdivision | Netherlands. |
| 651 #0 - SUBJECT ADDED ENTRY--GEOGRAPHIC NAME | |
| Geographic name | Netherlands |
| General subdivision | Foreign relations |
| Geographic subdivision | Indonesia. |
| 942 ## - ADDED ENTRY ELEMENTS (KOHA) | |
| Item type | Book - Borrowing |
| Call number prefix | 327.492091P179 |
| Withdrawn status | Item status | Damaged status | Not for loan | Home library | Current library | Shelving location | Date acquired | Source of acquisition | Total Checkouts | Full call number | Barcode | Date last seen | Date last borrowed | Koha item type |
|---|---|---|---|---|---|---|---|---|---|---|---|---|---|---|
| Central Library | Central Library | First floor | 20/12/2006 | Purchase | 1 | 327.492091 PAL | 000002457 | 15/07/2025 | 04/02/2010 | Book - Borrowing |